000 00476nam a2200181Ia 4500
001 69409
008 151103s9999||||xx |||||||||||||| ||und||
020 _a9780199545339
040 _cPK-LaUMT
082 _a 621.042
_bREN-
100 _aBoyle, Godfre
245 _aRenewable energy
_bpower for a sustainable future
_cBoyle, Godfre
260 _aOxford,USA:
_bOxford University Press,
_c2012
300 _a566 p.
546 _aEN
650 _aRenewable energy
942 _cBK
999 _c78394
_d78394